Largest Cities Containing 'C' - Statistics

General Stats
  • This quiz has been taken 259 times
  • The average score is 16 of 20
Answer Stats
Population Country City % Correct
16,800,000 Egypt Cairo
98%
22,100,000 Mexico Mexico City
98%
9,800,000 United States Chicago
97%
16,900,000 Russia Moscow
96%
4,650,000 Spain Barcelona
94%
8,250,000 Vietnam Ho Chi Minh City
90%
4,175,000 Morocco Casablanca
89%
24,300,000 Pakistan Karachi
89%
4,150,000 Kuwait Kuwait City
88%
20,000,000 United States New York City
87%
4,575,000 Ghana Accra
85%
4,675,000 Sri Lanka Colombo
85%
7,600,000 United States San Francisco
85%
10,000,000 India Chennai
79%
4,850,000 Germany Cologne
77%
9,600,000 China Chengdu
66%
8,350,000 United States Washington, DC
62%
4,525,000 Bangladesh Chittagong
60%
7,050,000 China Chongqing
56%
4,450,000 China Changsha
28%
No matching quizzes found
Score Distribution
Percent of People with Each Score
Percentile by Number Answered
Your Score History
You have not taken this quiz